000 00519nam a2200169 i 4500
001 79375
003 ES-MaACL
005 20251004063126.0
007 t|
008 041021s1930 sp ||||1| spa d
100 1 _aHernández Estévez, Alejo,
_d1889-1972
_962933
245 1 0 _aFarsa de estudiantina
_b: (poema de la clásica vida escolar española) /
_cAlejo Hernández.
260 _aMadrid :
_bSèz Hermanos,
_c1930.
300 _a84 p. ;
_c19 cm.
852 _aES-MaACL
_jB-4272
999 _c79375
_d79375